Catálogo

Evangelicals and science in historical perspective / (Registro nro. 57062)

Detalles MARC
000 -LEADER
fixed length control field 00822nam a2200253 a 4500
001 - CONTROL NUMBER
control field 57062
005 - DATE AND TIME OF LATEST TRANSACTION
control field 20180714053121.0
008 - FIXED-LENGTH DATA ELEMENTS--GENERAL INFORMATION
fixed length control field 140415s1999 xxu r 000 0 spa d
020 ## - INTERNATIONAL STANDARD BOOK NUMBER
International Standard Book Number 0-19-511557-0
041 ## - LANGUAGE CODE
Language code of text/sound track or separate title spa
082 0# - DEWEY DECIMAL CLASSIFICATION NUMBER
Classification number 261.55
Item number LIV
100 1# - MAIN ENTRY--PERSONAL NAME
Personal name Livingstone, David N.
Relator term autor
245 10 - TITLE STATEMENT
Title Evangelicals and science in historical perspective /
Statement of responsibility, etc. David N. Livingstone.
264 #1 - PRODUCTION, PUBLICATION, DISTRIBUTION, MANUFACTURE, AND COPYRIGHT NOTICE
Place of production, publication, distribution, manufacture Estados Unidos de América :
Name of producer, publisher, distributor, manufacturer Oxford University press ;
Date of production, publication, distribution, manufacture, or copyright notice 1999
300 ## - PHYSICAL DESCRIPTION
Extent 351 páginas ;
Dimensions 23 cm.
336 ## - CONTENT TYPE
Content type term texto
Source rdacontent
337 ## - MEDIA TYPE
Media type term sin mediación
Source rdamedia
338 ## - CARRIER TYPE
Carrier type term volumen
Source rdacarrier
490 0# - SERIES STATEMENT
Series statement Religión in America Series
650 #0 - SUBJECT ADDED ENTRY--TOPICAL TERM
Topical term or geographic name entry element Religión y ciencia
General subdivision Historia
650 #0 - SUBJECT ADDED ENTRY--TOPICAL TERM
Topical term or geographic name entry element Evangelicalismo
General subdivision Historía
700 1# - ADDED ENTRY--PERSONAL NAME
Personal name Hart, D. G
Dates associated with a name (Darryl G.)
700 1# - ADDED ENTRY--PERSONAL NAME
Personal name Noll, Mark A.
Existencias
Withdrawn status Lost status Source of classification or shelving scheme Damaged status Not for loan Collection code Home library Current library Shelving location Date acquired Source of acquisition Inventory number Total Checkouts Full call number Barcode Date last seen Price effective from Koha item type
    Dewey Decimal Classification     General Centro de Estudios en Ciencia y Religión Centro de Estudios en Ciencia y Religión Sala general 03/12/2013 Compra 151000000000000000077734   261.55 LIV 1999 86195 05/01/2026 20/11/2015 Libro